[Event "Zagreb op-B"]
[Site "Zagreb"]
[Date "2010.02.28"]
[Round "4"]
[White "Vrsek, Ivan"]
[Black "Hrupacki, Milan"]
[Result "0-1"]
[WhiteElo "2217"]
[BlackElo "2072"]
[PlyCount "74"]
[EventDate "2010.02.25"]
[EventType "swiss"]
[EventRounds "9"]
[EventCountry "CRO"]
[SourceTitle "CBM 135 Extra"]
[Source "ChessBase"]
[SourceDate "2010.05.04"]
[SourceVersion "1"]
[SourceVersionDate "2010.05.04"]
[SourceQuality "1"]

1. d4 c6 2. c4 d6 3. Nc3 Qc7 4. g3 Nd7 5. Bg2 e5 6. Nf3 Ngf6 7. 0-0 Be7 8. h3 0-0 9. e4 b6 10. Qc2 a5 11. b3 Ba6 12. Rd1 Rac8 13. Bb2 b5 14. c5 dxc5 15. dxe5 Nh5 16. Ne2 g6 17. Rd2 Rfd8 18. Rad1 Nf8 19. Nh2 b4 20. Ng4 Ne6 21. Bf1 Bb5 22. Kh2 Ra8 23. f4 a4 24. f5 Bg5 25. Rxd8+ Nxd8 26. Qxc5 axb3 27. h4 Be7 28. Qe3 bxa2 29. Nh6+ Kh8 30. Rd7 Qxd7 31. e6+ Bf6 32. exd7 Bxb2 33. Qc5 Kg7 34. Nf4 Nxf4 35. e5 Nfe6 36. f6+ Kxh6 37. Qe3+ g5 0-1

[Event "CRO-chT3"]
[Site "Zagreb"]
[Date "2009.04.05"]
[Round "4"]
[White "Vrsek, Ivan"]
[Black "Zamostni, Jan"]
[Result "1/2-1/2"]
[WhiteElo "2199"]
[BlackElo "2224"]
[PlyCount "110"]
[EventDate "2009.03.08"]
[EventType "team-tourn"]
[EventRounds "9"]
[EventCountry "CRO"]
[SourceTitle "EXT 2011"]
[Source "ChessBase"]
[SourceDate "2010.11.26"]
[SourceVersion "1"]
[SourceVersionDate "2010.11.26"]
[SourceQuality "1"]

1. d4 d6 2. Nf3 Nf6 3. c4 Nc6 4. Nc3 e5 5. g3 Bg4 6. d5 Bxf3 7. exf3 Nd4 8. Bh3 g6 9. Bg5 Bg7 10. 0-0 h6 11. Be3 Nf5 12. Bxf5 gxf5 13. Qd2 f4 14. gxf4 Nh5 15. Kh1 Qh4 16. Rg1 Qh3 17. Nb5 Qxf3+ 18. Rg2 exf4 19. Re1 Be5 20. Bd4 Rg8 21. Reg1 Kd7 22. Qa5 b6 23. Qc3 Qxc3 24. Bxc3 Rxg2 25. Kxg2 Rg8+ 26. Kf1 Rxg1+ 27. Kxg1 Bxc3 28. Nxc3 f3 29. Ne4 Nf4 30. Nf6+ Kd8 31. h4 h5 32. Kh2 Nd3 33. b3 Nxf2 34. Kg3 Ng4 35. Nxh5 Ne5 36. Ng7 Ke7 37. Nf5+ Kf6 38. Nd4 a6 39. Nxf3 Nd3 40. Nd4 Ke5 41. Nc6+ Ke4 42. Kg4 f5+ 43. Kg5 f4 44. h5 f3 45. h6 f2 46. h7 f1Q 47. h8Q Qf4+ 48. Kg6 Qf5+ 49. Kg7 Qg5+ 50. Kf8 Ne5 51. Qh1+ Kf5 52. Ne7+ Kg4 53. Qg1+ Kf4 54. Qc1+ Kg4 55. Qg1+ Kf4 1/2-1/2

[Event "Zagreb op-B"]
[Site "Zagreb"]
[Date "2009.03.26"]
[Round "6"]
[White "Blagojevic, Marijan"]
[Black "Vrsek, Ivan"]
[Result "1/2-1/2"]
[WhiteElo "2059"]
[BlackElo "2204"]
[PlyCount "29"]
[EventDate "2009.03.21"]
[EventType "swiss"]
[EventRounds "9"]
[EventCountry "CRO"]
[SourceTitle "CBM 129 Extra"]
[Source "ChessBase"]
[SourceDate "2009.05.05"]
[SourceVersion "2"]
[SourceVersionDate "2009.05.20"]
[SourceQuality "1"]

1. d4 d5 2. c4 c6 3. Nc3 Nf6 4. Nf3 a6 5. c5 Bf5 6. Bf4 h6 7. h3 Nbd7 8. e3 g5 9. Bh2 Bg7 10. Bd3 Bxd3 11. Qxd3 b6 12. cxb6 Qxb6 13. 0-0 0-0 14. b3 c5 15. Rac1 1/2-1/2

[Event "Zagreb op-B"]
[Site "Zagreb"]
[Date "2009.03.22"]
[Round "2"]
[White "Korov, Zvonko"]
[Black "Vrsek, Ivan"]
[Result "0-1"]
[WhiteElo "2063"]
[BlackElo "2204"]
[PlyCount "46"]
[EventDate "2009.03.21"]
[EventType "swiss"]
[EventRounds "9"]
[EventCountry "CRO"]
[SourceTitle "CBM 129 Extra"]
[Source "ChessBase"]
[SourceDate "2009.05.05"]
[SourceVersion "2"]
[SourceVersionDate "2009.05.20"]
[SourceQuality "1"]

1. Nf3 d5 2. d4 Nf6 3. Bf4 c5 4. c3 cxd4 5. Nxd4 Nc6 6. Nf3 g6 7. e3 Bg7 8. Be2 0-0 9. 0-0 Nh5 10. Bg5 h6 11. Bh4 g5 12. Nd4 Nf6 13. Bg3 Ne4 14. Nd2 Nxg3 15. hxg3 e5 16. N4b3 Bf5 17. g4 Bg6 18. Re1 Qb6 19. Nf1 Rad8 20. Qc1 d4 21. cxd4 exd4 22. Bf3 Nb4 23. Bd1 Nd3 0-1

[Event "CRO-chT3"]
[Site "Zagreb"]
[Date "2009.03.08"]
[Round "1"]
[White "Vrsek, Ivan"]
[Black "Vuga, Jovan"]
[Result "0-1"]
[WhiteElo "2199"]
[BlackElo "2193"]
[PlyCount "82"]
[EventDate "2009.03.08"]
[EventType "team-tourn"]
[EventRounds "9"]
[EventCountry "CRO"]
[SourceTitle "EXT 2011"]
[Source "ChessBase"]
[SourceDate "2010.11.26"]
[SourceVersion "1"]
[SourceVersionDate "2010.11.26"]
[SourceQuality "1"]

1. d4 Nf6 2. c4 g6 3. Nc3 Bg7 4. Nf3 0-0 5. g3 d6 6. Bg2 Nc6 7. 0-0 Bf5 8. d5 Na5 9. Nd4 Bd7 10. Qd3 c5 11. Nc2 a6 12. Rb1 b5 13. b3 Rb8 14. Bb2 Qc7 15. Ne3 Rb7 16. Rfc1 Rfb8 17. cxb5 axb5 18. Ne4 Nxe4 19. Qxe4 Bxb2 20. Rxb2 Qd8 21. b4 Nc4 22. Nxc4 bxc4 23. Rxc4 Bb5 24. Rc3 cxb4 25. Rcb3 Qc7 26. Rxb4 Qc1+ 27. Bf1 Bxe2 28. Qxe2 Rxb4 29. Rxb4 Rxb4 30. Qxe7 Rb1 31. Qe2 Qd1 32. Qc4 Rc1 33. Qb5 Qe1 34. Qd3 Rd1 35. Qb5 Rd2 36. Qb6 Rxa2 37. h4 h5 38. g4 hxg4 39. h5 g3 40. Qd8+ Kg7 41. h6+ Kh7 0-1